| 000 | 00864cab a2200289 4500 | ||
|---|---|---|---|
| 001 | ABS55590 | ||
| 008 | 090401t1996 xxu||||| |||| 00| 0 eng d | ||
| 035 | _a(Sirsi) u17455 | ||
| 041 | _aeng | ||
| 100 | _aDavies, L. | ||
| 245 | _aPlans sans frontiers? | ||
| 260 | _c1996 | ||
| 350 | _a0 | ||
| 490 |
_aTown & Country Planning _v65(7-8) July 1996, 218-221(4) |
||
| 520 | _aReviews the emergence of European Union interest in spatial planning assessing its possible impact on planning in the UK. | ||
| 650 | _aCOMMITTEE OF THE REGIONS | ||
| 650 | _aEUROPE | ||
| 650 | _aEUROPEAN SPATIAL DEVELOPMENT PERSPECTIVE | ||
| 650 | _aEUROPEAN UNION | ||
| 650 | _aPLANNING SYSTEM | ||
| 650 | _aREGIONAL PLANNING | ||
| 650 | _aSPATIAL PLANNING | ||
| 650 | _aSTRUCTURAL FUNDS | ||
| 690 | _aPLANNING LAW AND PRACTICE | ||
| 942 | _n0 | ||
| 948 | _c04/03/1997 | ||
| 999 |
_c11579 _d11579 |
||